| 000 | 00670nam a22001817a 4500 | ||
|---|---|---|---|
| 999 |
_c1640 _d1640 |
||
| 003 | AR-CdUCM | ||
| 008 | 190227b ||||| |||| 00| 0 spa d | ||
| 040 |
_aMUNICIPALIDAD PROVINCIAL DEL CUSCO _cBIBLIOTECA MUNICIPAL DEL CUSCO |
||
| 082 |
_a374.985 / _bB23 |
||
| 100 |
_aBarrantes, Emilio _93583 |
||
| 245 | _aCrónica de una reforma / | ||
| 260 |
_aLima : _bINPET , _c1990 |
||
| 300 |
_a185 páginas ; _c20 cm. |
||
| 505 | _aEl espíritu universitario y un periplo -- El sabor del rencuentro -- Una invitación y un compromiso -- Los paso previos -- La linterna de Diógenes... | ||
| 650 |
_aReforma educativa. _94128 |
||
| 942 |
_2ddc _cLIBROS |
||
| 945 |
_awfj _d2019-02-27 |
||